<?xml version="1.0" encoding="UTF-8"?>
<marc:record xmlns:marc="http://www.loc.gov/MARC21/slim">
   <marc:leader>00000nam a2200000 a 4500</marc:leader>
   <marc:datafield ind1=" " ind2=" " tag="653">
      <marc:subfield code="a">Kassette / Kinder- und Jugendbücher/Erstlesealter</marc:subfield>
   </marc:datafield>
   <marc:datafield ind1=" " ind2=" " tag="653">
      <marc:subfield code="a">Vorschulalter</marc:subfield>
   </marc:datafield>
   <marc:datafield ind1=" " ind2=" " tag="653">
      <marc:subfield code="a">CD</marc:subfield>
   </marc:datafield>
   <marc:datafield ind1="0" ind2="0" tag="245">
      <marc:subfield code="a">Das Z-Team</marc:subfield>
   </marc:datafield>
   <marc:datafield ind1="0" ind2="0" tag="245">
      <marc:subfield code="c">David Fermer. Sprecher: Pepe: Flemming Stein ... Regie: Thomas Karallus. Hörspielbearb.: Daniela Wakonigg</marc:subfield>
   </marc:datafield>
   <marc:datafield ind1=" " ind2="1" tag="264">
      <marc:subfield code="a">Hamburg</marc:subfield>
      <marc:subfield code="b">Hörbuch Hamburg</marc:subfield>
      <marc:subfield code="c">2010</marc:subfield>
   </marc:datafield>
   <marc:datafield ind1="1" ind2=" " tag="520">
      <marc:subfield code="a">Angaben aus der Verlagsmeldung

Das härteste Match der Welt : Hörspiel / von David Fermer

In Zenitropa ist fast alles möglich. Sogar ein Fußballturnier auf einem runden Platz, der sich dreht und schaukelt und unvermittelt Hindernisse vor den Spielern aufploppen lässt. Der Wettkampf auf der "Scheibe" ist sogar für das coole Z-Team eine Herausforderung! Wie dumm. dass ihr Trainer Reza verschwunden ist. Er könnte seinen Schützlingen all die Kniffe und Tricks zeigen, die sie auf der gefährlichen "Scheibe" beherrschen müssen. Ob der berühmte Didi Dietrich, der "Meister der Scheibe", das Training vielleicht übernimmt ...
</marc:subfield>
   </marc:datafield>
   <marc:datafield ind1=" " ind2=" " tag="020">
      <marc:subfield code="a">9783867426770</marc:subfield>
      <marc:subfield code="9">9783867426770</marc:subfield>
   </marc:datafield>
   <marc:datafield ind1=" " ind2=" " tag="041">
      <marc:subfield code="a">ger</marc:subfield>
   </marc:datafield>
   <marc:datafield ind1=" " ind2=" " tag="300">
      <marc:subfield code="a">1 CD</marc:subfield>
   </marc:datafield>
</marc:record>
